MARC details
| 000 -CABECERA |
| campo de control de longitud fija |
00829nam a2200205 a 4500 |
| 001 - NÚMERO DE CONTROL |
| campo de control |
000029467 |
| 005 - FECHA Y HORA DE LA ÚLTIMA TRANSACCIÓN |
| campo de control |
20200930055554.0 |
| 008 - DATOS DE LONGITUD FIJA--INFORMACIÓN GENERAL |
| campo de control de longitud fija |
110415s2001 dr ad 000 0 spa d |
| 040 ## - FUENTE DE LA CATALOGACIÓN |
| Centro catalogador/agencia de origen |
DO-SdBNP |
| Lengua de catalogación |
spa |
| Centro/agencia transcriptor |
BNPHU |
| 110 2# - ENTRADA PRINCIPAL--NOMBRE DE ENTIDAD CORPORATIVA |
| Nombre de entidad corporativa o nombre de jurisdicción como elemento de entrada |
Centro Nacional de Investigaciones en Salud Materno Infantil |
| 9 (RLIN) |
55757 |
| 245 10 - MENCIÓN DE TÍTULO |
| Título |
Bases bioquímicas de la ateroesclerosis / |
| Mención de responsabilidad, etc. |
editores Ceila Pérez-Ferran, Agustina Canela Arias, Jimmy Barranco Ventura. |
| 260 ## - PUBLICACIÓN, DISTRIBUCIÓN, ETC. |
| Lugar de publicación, distribución, etc. |
Santo Domingo : |
| Nombre del editor, distribuidor, etc. |
CENISMI, |
| Fecha de publicación, distribución, etc. |
2001. |
| 300 ## - DESCRIPCIÓN FÍSICA |
| Extensión |
32 p. : |
| Otras características físicas |
il., diagramas ; |
| Dimensiones |
28 cm. |
| 490 1# - MENCIÓN DE SERIE |
| Mención de serie |
Estudios aplicados a la clínica |
| Designación de volumen o secuencia |
v. 3 |
| 504 ## - NOTA DE BIBLIOGRAFÍA, ETC. |
| Nota de bibliografía, etc. |
Bibliografía : 28-31 p. |
| 700 1# - PUNTO DE ACCESO ADICIONAL--NOMBRE DE PERSONA |
| Nombre de persona |
Pérez-Ferran, Ceila, |
| Término indicativo de función/relación |
ed. |
| 9 (RLIN) |
56336 |
| 700 1# - PUNTO DE ACCESO ADICIONAL--NOMBRE DE PERSONA |
| Nombre de persona |
Canela Arias, Agustina, |
| Término indicativo de función/relación |
ed. |
| 9 (RLIN) |
56337 |
| 700 1# - PUNTO DE ACCESO ADICIONAL--NOMBRE DE PERSONA |
| Nombre de persona |
Barranco Ventura, Jimmy, |
| Término indicativo de función/relación |
ed. |
| 9 (RLIN) |
56338 |
| 830 #0 - PUNTO DE ACCESO ADICIONAL DE SERIE-TÍTULO UNIFORME |
| Título uniforme |
Estudios aplicados a la clínica |
| Designación de volumen o secuencia |
v. 3 |
| 9 (RLIN) |
56339 |